Municipalities of Marion County, Indiana (Map) - Statistics

General Stats
  • This quiz has been taken 30 times
  • The average score is 5 of 16
Answers on the Map
Answers color-coded by a green-red scale on the quiz's map according to % correct below.
 
Answer Stats
Answer % Correct
Indianapolis
95%
Speedway
79%
Lawrence
68%
Beech Grove
53%
Crows Nest
32%
Southport
32%
Cumberland
26%
Rocky Ripple
26%
Meridian Hills
21%
Clermont
11%
Homecroft
11%
North Crows Nest
11%
Wynnedale
11%
Warren Park
5%
Williams Creek
5%
Spring Hill
0%
No matching quizzes found
Score Distribution
Percent of People with Each Score
Percentile by Number Answered
Your Score History
You have not taken this quiz